Bob & Tom Characters Quiz Stats

 Plays Quiz not verified by Sporcle

Challenge
Share
Tweet
Embed
Score 0/13 Timer 04:00
0 Plays Today
Quote/Description Caller % Correct
'Shut up Randy' / 'I swear to God I did...'Donnie Baker
91.9%
Self-absorbed owner of the Dallas CowboysJerry Jones
70.3%
Religious leader (always portrayed as Italian)The Pope
70.3%
'Hey shooter!' / 'We just landed'Kenny Tarmac
64.9%
'Bob & Tom USA, [name]'Larry King
62.2%
Hates mice. Loves peanuts, Kristi LeeJumbo the Elephant
62.2%
Has an alarm that sounds whenever women or sex is mentionedBill Clinton
59.5%
'Get busy living or get busy dying'Morgan Freeman
54.1%
Hardware store owner who is alwasy dealing with the boys from screen doorsErnie Furglar
45.9%
'I've enjoyed your [tangentially related topic] program'Floyd Tucker
43.2%
'It ain't about you!'Dr. Phil
37.8%
'Get down!' (usually while downloading schematics from an air duct somewhere)Jack Bauer
29.7%
Snowbird living with his wife in St. PetersburgHerm Johnson
27%

You're not logged in!

Compare scores with friends on all Sporcle quizzes.
Join for Free
OR
Log In

You Might Also Like...

Show Comments

Extras

Top Quizzes Today


Score Distribution

Your Account Isn't Verified!

In order to create a playlist on Sporcle, you need to verify the email address you used during registration. Go to your Sporcle Settings to finish the process.

Report this User

Report this user for behavior that violates our Community Guidelines.

Details: